000
002500000a22000970004500
100
1
_a
Romarheim, Arild
245
1
0
_a
The image of Jesus the Christ in new age
300
_a
Núm 73 (1996), Páginas 18-19
773
0
_t
World Evangelization
942
_c
ANA
999
_c
57551
_d
57551